Navrhovanie súčiastok z hľadiska aditívnej výroby

Guardado en:
Detalles Bibliográficos
Autor principal: Polakovič, Vladimír (Autor)
Otros Autores: Buranský, Ivan (Orientador)
Formato: Manuscrito Libro
Lenguaje:eslovaco
Publicado: 2021
Materias:
Acceso en línea:http://is.stuba.sk/zp/portal_zp.pl?podrobnosti=148287
Etiquetas: Agregar Etiqueta
Sin Etiquetas, Sea el primero en etiquetar este registro!

MARC

LEADER 00000ntm a22000003a 4500
001 stuzp84915
003 SK-STU
005 20210703212803.8
007 ta
008 150427s2015----xo-----f-mn---000-0-slo-d
040 |a STU  |b slo 
041 0 |a slo 
100 1 |a Polakovič, Vladimír  |u 063000  |4 aut  |U MTF Materiálovotechnologická fakulta  |T MTF Ústav výrobných technológií  |X 96792  |U M3000  |Y 83  |7 96792 
242 0 1 |a Design for Additive Manufacturing  |y eng 
245 1 0 |a Navrhovanie súčiastok z hľadiska aditívnej výroby 
260 |c 2021 
650 4 |a Dizajn pre aditívnu výrobu  |2 slo 
650 4 |a Aditívna výroba  |2 slo 
650 4 |a CAD  |2 slo 
650 4 |a Fusion 360  |2 slo 
650 4 |a SLA  |2 slo 
650 4 |a Design for Additive Manufacturing  |2 eng 
650 4 |a Additive Manufacturing  |2 eng 
650 4 |a CAD  |2 eng 
650 4 |a Fusion 360  |2 eng 
650 4 |a SLA  |2 eng 
700 1 |a Buranský, Ivan  |u 063000  |k Z1  |4 ths  |U MTF Materiálovotechnologická fakulta  |T MTF Ústav výrobných technológií  |X 4587  |U M3000  |Y 83  |7 A000004587 
856 4 |u http://is.stuba.sk/zp/portal_zp.pl?podrobnosti=148287 
996 |c M* BP-9181  |l MMSKP  |s P  |a 0  |w stuzp84915_0001